000 00204nam a22000977a 4500
999 _c12419
_d12419
020 _a0-321-00927-4
082 _a332.024
100 _aGeorge E. Rejda
245 _aPersonal Financial Planning
942 _cBK